Statistics for Countries Closest to Iran - 30 Second Sprint

Click here to take the quiz!

General Stats

  • This quiz has been taken 35 times
  • The average score is 11 of 20

Answer Stats

kmcountrymiles% Correct
0Iraq0
96%
0Pakistan0
88%
0Afghanistan0
76%
0Turkmenistan0
76%
0Armenia0
64%
20Kuwait13
64%
147Saudi Arabia92
64%
182Syria113
64%
0Turkey0
64%
596India370
60%
0Azerbaijan0
56%
51Oman32
56%
188Qatar117
48%
97United Arab Emirates60
48%
189Georgia118
44%
191Bahrain119
40%
165Russia103
40%
329Uzbekistan205
36%
342Kazakhstan213
24%
593Tajikistan368
20%

Score Distribution

Percentile by Number Answered

Percent of People with Each Score

Your Score History

You have not taken this quiz